000 00426cam a2200145 4500
001 L136183
008 070116n2004 000 0 eng u
035 _a(Sirsi) u136183
041 0 _aeng
110 2 _aRoyal Institution of Chartered Surveyors
_bGeomatics Faculty
_94352
245 0 3 _aAn introduction to terrestrial laser scanning
260 _aLondon
_bRICS
_c2004
300 _a1
_ffolded sheet
_c44x21cm.
942 _n0
_2ddc
999 _c106337
_d106337